书目信息 |
| 题名: |
家庭轿车实用指南
|
|
| 作者: | 方轴 主编 | |
| 分册: | ||
| 出版信息: | 上海 上海科学技术文献出版社 2002.6 |
|
| 页数: | 476,16页 | |
| 开本: | 19cm | |
| 丛书名: | ||
| 单 册: | ||
| 中图分类: | U469.11 | |
| 科图分类: | ||
| 主题词: | 轿车--jiao che--基本知识 | |
| 电子资源: | ||
| ISBN: | 7-5439-1985-0 | |
| 000 | 01014nam0 2200277 450 | |
| 000 | 01043nam0 2200277 450 | |
| 000 | 01006nam0 2200265 450 | |
| 000 | 00989nam0 2200265 450 | |
| 000 | 00952nam0 2200253 450 | |
| 001 | CAL 012006008866 | |
| 005 | 20061027162003.50 | |
| 010 | @a7-5439-1985-0@dCNY28.00 | |
| 099 | @aCAL 012006008866 | |
| 100 | @a20060830e20032002em y0chiy0120 ea | |
| 101 | 0 | @achi |
| 102 | @aCN@b310000 | |
| 105 | @aak z 000yy | |
| 200 | 1 | @a家庭轿车实用指南@Ajia ting jiao che shi yong zhi nan@f方轴主编 |
| 210 | @a上海@c上海科学技术文献出版社@d2002.6@h2003.8重印 | |
| 215 | @a476,16页@c图@d19cm | |
| 330 | @a本书分上、下两篇共12章, 分别叙述了家庭轿车的基本构造与工作原理、使用与维护、故障诊断与排除、安全行驶知识、驾驶员要求及购车、过户等手续; 此外, 还收录了常的汽车符号、道路标志、部分家用轿车的技术性能、汽车公司网址等。 | |
| 606 | 0 | @a轿车@Ajiao che@x基本知识 |
| 690 | @aU469.11@v4 | |
| 701 | 0 | @a方轴@Afang zhou@4主编 |
| 801 | 0 | @aCN@c20061027 |
| 905 | @a10447@dU469.11@eF278 | |
| 家庭轿车实用指南/方轴主编.-上海:上海科学技术文献出版社,2002.6(2003.8重印) |
| 476,16页:图;19cm |
| ISBN 7-5439-1985-0:CNY28.00 |
| 本书分上、下两篇共12章, 分别叙述了家庭轿车的基本构造与工作原理、使用与维护、故障诊断与排除、安全行驶知识、驾驶员要求及购车、过户等手续; 此外, 还收录了常的汽车符号、道路标志、部分家用轿车的技术性能、汽车公司网址等。 |
| ● |
| 相关链接 |
|
|
|
正题名:家庭轿车实用指南
索取号:U469.11/F278
 
预约/预借
| 序号 | 登录号 | 条形码 | 馆藏地/架位号 | 状态 | 备注 |
| 1 | 631906 | 206319063 | 自科库501/501自科库 56排5列1层/ [索取号:U469.11/F278] | 在馆 | |
| 2 | 631907 | 206319072 | 自科二线504/504自科库 33排2列3层/ [索取号:U469.11/F278] | 在馆 | |
| 3 | 631908 | 206319081 | 自科二线504/504自科库 33排2列3层/ [索取号:U469.11/F278] | 在馆 |